1952 1868 1482 1240 1733 1586 1922 1322 1920 1237 1130 1538 1472 1144 1296 1531 1785 1468 1035 1486 1803 1656 1471 1595 1834 1796 1312 1631 1604 1814 1368 1147 1744 1419 1323 1549 1978 1851 1182 1839 1277 1981 1968 1372 1388 1471 1532 1908 1234 1055 1232 1684 1808 1658 1979 1007 1131 1845 1599 1670 1403 1743 1761 1210 1978 1553 1869 1420 1770 1668 1575 1004 1663 1805 1065 1249 1617 1403 1642 1372 1879 1829 1160 1424 1326 1679 1767 1608 1532 1692 1888 1066 1932 1881 1083 1191 1177 1708 1268 BCNSPRNW ULIB Ver.6.0+V

เปลี่ยนเป็นภาษาไทย

Change to English
 แสดงรายละเอียดบรรณานุกรม
  กลับหน้าหลัก

Brief Record : Get Marc (ISO 2709) : E-mail record : QR code < ปิดหน้าต่าง
LEADER : 00000nas 2200000uu 4500
001    13399114165
003     ULIB
008    020711s|||| th a 000 0 tha d
022    ^a19065681
110    ^aมหาวิทยาลัยนราธิวาสราชนครินทร์
245    ^aวารสารมหาวิทยาลัยนราธิวาสราชนครินทร์
260    ^aนราธิวาส :^bมหาวิทยาลัยนราธิวาสราชนครินทร์,^cม.ป.ป.
310    ^aรายสี่เดือน
850    ^aฉบับที่ 1 ปีที่ 4;ฉบับที่ 2 ปีที่ 4;ฉบับที่ 3 ปีที่ 4;ฉบับที่ 1 ปีที่ 5;ฉบับที่ 2 ปีที่ 5
945    ^p0^l0^i900189
945    ^p0^l0^i900490
945    ^p0^l0^i900953
945    ^p0^l0^i901157
945    ^p0^l0^i901456
999 ^a ทศพร
รายการนี้ยังไม่มีแท็ก
คุณยังไม่ได้ล็อกอิน คุณสามารถมีกิจกรรมร่วมกับเว็บไซต์ได้ แต่ต้องล็อกอินก่อน ::
  ล็อกอิน

รายการสื่อสารสนเทศ (วารสาร)

ดูแบบ: กล่อง รายการ
ARRIVED
ฉบับที่ 1 ปีที่ 4
สถานที่: ห้องสมุดวิทยาเขตสวรรค์ประชารักษ์ >วารสาร
ARRIVED
ฉบับที่ 2 ปีที่ 4
สถานที่: ห้องสมุดวิทยาเขตสวรรค์ประชารักษ์ >วารสาร
ARRIVED
ฉบับที่ 3 ปีที่ 4
สถานที่: ห้องสมุดวิทยาเขตสวรรค์ประชารักษ์ >หนังสือทั่วไป
ARRIVED
ฉบับที่ 1 ปีที่ 5
สถานที่: ห้องสมุดวิทยาเขตสวรรค์ประชารักษ์ >วารสาร
ARRIVED
ฉบับที่ 2 ปีที่ 5
สถานที่: ห้องสมุดวิทยาเขตสวรรค์ประชารักษ์ >วารสาร
รายการใกล้เคียง
    ผู้แต่ง []

BibComment


ยังไม่เคยถูกคอมเมนท์

คอมเมนท์ทรัพยากรรายการนี้
  คอมเมนท์: วารสารมหาวิทยาลั..


 Copyright 2026. Bcnsprnw @Library